LIBRARY ONLINE CATALOGUE

Business ethics in biblical perspective : (Record no. 21001)

MARC details
000 -LEADER
fixed length control field 01407cam a2200361 i 4500
001 - CONTROL NUMBER
control field 18610038
003 - CONTROL NUMBER IDENTIFIER
control field OSt
005 - DATE AND TIME OF LATEST TRANSACTION
control field 20251210105823.0
008 - FIXED-LENGTH DATA ELEMENTS--GENERAL INFORMATION
fixed length control field 150508s2015 ilu 001 0 eng
010 ## - LIBRARY OF CONGRESS CONTROL NUMBER
LC control number 2015018753
020 ## - INTERNATIONAL STANDARD BOOK NUMBER
International Standard Book Number 9780830824748
Qualifying information casebound : alk. paper
035 ## - SYSTEM CONTROL NUMBER
System control number 18610038
040 ## - CATALOGING SOURCE
Original cataloging agency DLC
Language of cataloging eng
Transcribing agency DLC
Description conventions rda
Modifying agency DLC
042 ## - AUTHENTICATION CODE
Authentication code pcc
050 00 - LIBRARY OF CONGRESS CALL NUMBER
Classification number BS680.B8
Item number C34 2015
082 00 - DEWEY DECIMAL CLASSIFICATION NUMBER
Classification number 241/.644
Edition number 23
100 1# - MAIN ENTRY--PERSONAL NAME
Personal name Cafferky, Michael E.,
Relator term author.
245 10 - TITLE STATEMENT
Title Business ethics in biblical perspective :
Remainder of title a comprehensive introduction /
Statement of responsibility, etc. Michael E. Cafferky.
264 #1 - PRODUCTION, PUBLICATION, DISTRIBUTION, MANUFACTURE, AND COPYRIGHT NOTICE
Place of production, publication, distribution, manufacture Downers Grove, Illinois :
Name of producer, publisher, distributor, manufacturer InterVarsity Press,
Date of production, publication, distribution, manufacture, or copyright notice [2015]
300 ## - PHYSICAL DESCRIPTION
Extent 487 pages ;
Dimensions 27 cm
336 ## - CONTENT TYPE
Content type term text
Content type code txt
Source rdacontent
337 ## - MEDIA TYPE
Media type term unmediated
Media type code n
Source rdamedia
338 ## - CARRIER TYPE
Carrier type term volume
Carrier type code nc
Source rdacarrier
500 ## - GENERAL NOTE
General note Includes index.
650 #0 - SUBJECT ADDED ENTRY--TOPICAL TERM
Topical term or geographic name as entry element Business ethics
General subdivision Biblical teaching.
650 #0 - SUBJECT ADDED ENTRY--TOPICAL TERM
Topical term or geographic name as entry element Business
General subdivision Biblical teaching.
650 #0 - SUBJECT ADDED ENTRY--TOPICAL TERM
Topical term or geographic name as entry element Management
General subdivision Religious aspects
-- Christianity.
650 #0 - SUBJECT ADDED ENTRY--TOPICAL TERM
Topical term or geographic name as entry element Ethics in the Bible.
776 08 - ADDITIONAL PHYSICAL FORM ENTRY
Relationship information Online version:
Main entry heading Cafferky, Michael E.
Title Business ethics in biblical perspective
Place, publisher, and date of publication Downers Grove : InterVarsity Press, 2015
International Standard Book Number 9780830898664
Record control number (DLC) 2015020277
906 ## - LOCAL DATA ELEMENT F, LDF (RLIN)
a 7
b cbc
c orignew
d 1
e ecip
f 20
g y-gencatlg
942 ## - ADDED ENTRY ELEMENTS (KOHA)
Source of classification or shelving scheme Library of Congress Classification
Koha item type General Collection
Holdings
Withdrawn status Lost status Source of classification or shelving scheme Not for loan Home library Current library Shelving location Date acquired Source of acquisition Inventory number Total Checkouts Full call number Barcode Date last seen Copy number Price effective from Koha item type Cost, normal purchase price
    Library of Congress Classification   Kabarak, Main Campus Kabarak, Main Campus General Stacks 10/12/2025 Donation 2025/2316   BS680.B8 C34 2015 C.1 39716 10/12/2025 C.1 10/12/2025 General Collection  
    Library of Congress Classification   Kabarak, Main Campus Kabarak, Main Campus General Stacks 28/01/2026   2022/0629   BS680.B8 C34 2015 C.2 031971 28/01/2026 C.2 28/01/2026 General Collection 3500.00